Инновационные технологии в обучении; Информационные технологии в науке, управлении, социальной сфере и медицине; Ч. 2

Библиографические подробности
Источник:Информационные технологии в науке, управлении, социальной сфере и медицине: сборник научных трудов Международной конференции с международным участием , 29 апреля - 2 мая 2014 г., Томск/ Национальный исследовательский Томский политехнический университет (ТПУ).— , 2014
Ч. 2.— 2014.— [С. 257-259]
Автор-организация: Национальный исследовательский Томский политехнический университет (ТПУ) Институт социально-гуманитарных технологий (ИСГТ) Кафедра философии (ФИЛ)
Другие авторы: Кузьмина А. В., Скиданенко А. Е., Латыговская Т. П. Татьяна Петровна, Карпова А. Ю. Анна Юрьевна
Примечания:Заглавие с титульного экрана
Together with the material component very large impact on human has information that is the most diverse information and knowledge that a person receives during his lifetime . With each passing day , month, year, decade , century increases the amount of information that accumulates humanity , as well as increasing the role of information in human life. Together with the increase in information and develop themselves information technology - processes that used a set of methods and means of gathering , processing, storage , as well as data ( initial information in order to receive new quality information about the object , or process the same phenomenon that is information product .
Язык:русский
Опубликовано: 2014
Серии:Информационные технологии в управлении персоналом
Предметы:
Online-ссылка:http://www.lib.tpu.ru/fulltext/c/2014/C24/V2/097.pdf
Формат: Электронный ресурс Статья
Запись в KOHA:https://koha.lib.tpu.ru/cgi-bin/koha/opac-detail.pl?biblionumber=608145

MARC

LEADER 00000naa2a2200000 4500
001 608145
005 20260317163812.0
035 |a (RuTPU)RU\TPU\conf\5575 
035 |a RU\TPU\conf\5574 
090 |a 608145 
100 |a 20140917d2014 k y0rusy50 ca 
101 0 |a rus 
102 |a RU 
135 |a drgn ---uucaa 
181 0 |a i  
182 0 |a b 
200 1 |a Инновационные технологии в обучении  |d Information technology in education  |f А. В. Кузьмина [и др.] 
203 |a Текст  |c электронный 
225 1 |a Информационные технологии в управлении персоналом 
300 |a Заглавие с титульного экрана 
320 |a [Библиогр.: с. 259 (2 назв.)] 
330 |a Together with the material component very large impact on human has information that is the most diverse information and knowledge that a person receives during his lifetime . With each passing day , month, year, decade , century increases the amount of information that accumulates humanity , as well as increasing the role of information in human life. Together with the increase in information and develop themselves information technology - processes that used a set of methods and means of gathering , processing, storage , as well as data ( initial information in order to receive new quality information about the object , or process the same phenomenon that is information product . 
337 |a Adobe Reader 
461 1 |0 (RuTPU)RU\TPU\conf\4263  |t Информационные технологии в науке, управлении, социальной сфере и медицине  |o сборник научных трудов Международной конференции с международным участием , 29 апреля - 2 мая 2014 г., Томск  |o в 2 ч.  |f Национальный исследовательский Томский политехнический университет (ТПУ)   |d 2014 
463 1 |0 (RuTPU)RU\TPU\conf\4265  |t Ч. 2  |v [С. 257-259]  |d 2014 
510 1 |a Information technology in education  |z eng 
610 1 |a труды учёных ТПУ 
610 1 |a электронные ресурсы 
610 1 |a инновационные технологии 
610 1 |a обучение 
610 1 |a компьютерные сети 
610 1 |a учебная информация 
701 1 |a Кузьмина  |b А. В. 
701 1 |a Скиданенко  |b А. Е. 
701 1 |a Латыговская  |b Т. П.  |c философ  |c доцент Томского политехнического университета, кандидат философских наук  |f 1958-  |g Татьяна Петровна  |3 (RuTPU)RU\TPU\pers\24672  |9 10935 
701 1 |a Карпова  |b А. Ю.  |c философ  |c профессор Томского политехнического университета, доктор социологических наук  |f 1968-  |g Анна Юрьевна  |3 (RuTPU)RU\TPU\pers\30249  |9 14626 
712 0 2 |a Национальный исследовательский Томский политехнический университет (ТПУ)  |b Институт социально-гуманитарных технологий (ИСГТ)  |b Кафедра философии (ФИЛ)  |3 (RuTPU)RU\TPU\col\18928 
801 2 |a RU  |b 63413507  |c 20140917  |g RCR 
856 4 |u http://www.lib.tpu.ru/fulltext/c/2014/C24/V2/097.pdf 
942 |c BK